University Home | Library Home | Institutional Repository

Adult assessment : (Record no. 116553)

MARC details
000 -LEADER
fixed length control field 00868cam a2200205 4500
003 - CONTROL NUMBER IDENTIFIER
control field OSt
005 - DATE AND TIME OF LATEST TRANSACTION
control field 20251124110331.0
008 - FIXED-LENGTH DATA ELEMENTS--GENERAL INFORMATION
fixed length control field 111007n 000 0 eng u
020 ## - INTERNATIONAL STANDARD BOOK NUMBER
International Standard Book Number 0398036039.
040 ## - CATALOGING SOURCE
Original cataloging agency LC
Transcribing agency UNZA
Description conventions RDA
050 ## - LIBRARY OF CONGRESS CALL NUMBER
Classification number BF176
Item number AND 1977
100 ## - MAIN ENTRY--PERSONAL NAME
Personal name Andrulis, Richard S.
Relator term author
245 ## - TITLE STATEMENT
Title Adult assessment :
Remainder of title a source book of tests and measures of human behavior /
Statement of responsibility, etc. by Richard S. Andrulis, Associate Professor of Psychology, The American College, Bryn Maur, Pennsylvania; with a Contribution by John Bjtelsmit, M. S., Assistant Professor of Psychology, The American College, Bryn Maur, Pennsylvania.
260 ## - PUBLICATION, DISTRIBUTION, ETC.
Place of publication, distribution, etc. Springfield, Ill. :
Name of publisher, distributor, etc. Thomas,
Date of publication, distribution, etc. 1977.
300 ## - PHYSICAL DESCRIPTION
Extent xx, 325 pages.
504 ## - BIBLIOGRAPHY, ETC. NOTE
Bibliography, etc. note Includes bibliographies and indexes.
650 ## - SUBJECT ADDED ENTRY--TOPICAL TERM
Topical term or geographic name entry element Psychological tests.
700 ## - ADDED ENTRY--PERSONAL NAME
Personal name Bajtelsmit, John.
Relator term contributor
942 ## - ADDED ENTRY ELEMENTS (KOHA)
Source of classification or shelving scheme Library of Congress Classification
Koha item type Book
Holdings
Withdrawn status Lost status Source of classification or shelving scheme Damaged status Not for loan Home library Current library Shelving location Date acquired Total Checkouts Full call number Barcode Date last seen Copy number Price effective from Koha item type
    Library of Congress Classification     Main Library Main Library On Shelf 11/24/2025   BF176 AND 1977 33729000836234 11/24/2025 1 11/24/2025 Book
© 2026 - The University of Zambia Library - Koha v25.11